Comercio Internacional (Registro nro. 1229)
[ vista simple ]
| 000 -LEADER | |
|---|---|
| fixed length control field | 01682 a2200253 4500 |
| 001 - CONTROL NUMBER | |
| control field | 24875 |
| 005 - DATE AND TIME OF LATEST TRANSACTION | |
| control field | 20260407155531.0 |
| 008 - FIXED-LENGTH DATA ELEMENTS--GENERAL INFORMATION | |
| fixed length control field | 260407a2011 arg spa d |
| 003 - CONTROL NUMBER IDENTIFIER | |
| control field | AR-UNSa-BCEJYS |
| 040 ## - CATALOGING SOURCE | |
| Original cataloging agency | AR-UNSa-BCEJYS |
| Language of cataloging | spa |
| Transcribing agency | AR-UNSa-BCEJYS |
| 080 ## - UNIVERSAL DECIMAL CLASSIFICATION NUMBER | |
| Universal Decimal Classification number | 339.5 |
| Common auxiliary subdivision | Comercio exterior. Comercio Internacional |
| 020 ## - INTERNATIONAL STANDARD BOOK NUMBER | |
| International Standard Book Number | 978-84-291-2648-8 |
| 100 1# - MAIN ENTRY--PERSONAL NAME | |
| Personal name | Iranzo Sancho, Susana |
| 245 10 - TITLE STATEMENT | |
| Title | Comercio Internacional |
| 264 #1 - PRODUCTION, PUBLICATION, DISTRIBUTION, MANUFACTURE, AND COPYRIGHT NOTICE | |
| Place of production, publication, distribution, manufacture | Barcelona : |
| Name of producer, publisher, distributor, manufacturer | Reverté |
| Date of production, publication, distribution, manufacture, or copyright notice | 2011 |
| 300 ## - PHYSICAL DESCRIPTION | |
| Extent | xxvii, 432 p. |
| Dimensions | 28 cm. |
| 505 ## - FORMATTED CONTENTS NOTE | |
| Formatted contents note | Parte I: Introducción al comercio internacional : 1. Comercio en la economía mundial - Parte II : Patrones del comercio internacional : 2. Comercio y tecnología : El modelo ricardiano - 3. Ganancias y pérdidas del comercio en el modelo de factores específicos - 4. Comercio y recursos : El modelo Heckscher - Ohlin - 5. Movimiento de trabajo y capital - Parte 3 : Nuevas explicaciones del comercio internacional : 6. Rendimientos crecientes a escala y competencias imperfectas - 7. Externalización de bienes y servicios - Parte 4 : Política comercial internacional : 8. Aranceles y cuotas de importacion con competencias perfectas - 9. Aranceles y cuotas de importación con competencia imperfecta - 10. Los subsidios a la exportación en la agricultura y en las industrias de alta tecnología - 11. Acuerdos Internacionales : comercio, trabajo y medio ambiente. |
| 590 ## - LOCAL NOTE (RLIN) | |
| Local note | niveau_biblio:m niveau_hierar:0 |
| 700 1# - ADDED ENTRY--PERSONAL NAME | |
| Personal name | Taylor, Alan M. |
| 700 1# - ADDED ENTRY--PERSONAL NAME | |
| Personal name | Feenstra, Robert C. |
| 700 1# - ADDED ENTRY--PERSONAL NAME | |
| Personal name | Pérez Apilanez, Gotzone |
| 856 41 - ELECTRONIC LOCATION AND ACCESS | |
| Uniform Resource Identifier | <a href="https://biblioeco.unsa.edu.ar/pmb/images/libros/Comericio Internacional (2008).jpg">https://biblioeco.unsa.edu.ar/pmb/images/libros/Comericio Internacional (2008).jpg</a> |
| Link text | Imagen de portada |
| Electronic format type | image/jpeg |
| 942 ## - ADDED ENTRY ELEMENTS (KOHA) | |
| Koha item type | |
| Withdrawn status | Lost status | Damaged status | Not for loan | Home library | Current library | Shelving location | Date acquired | Total checkouts | Full call number | Barcode | Date last seen | Price effective from | Koha item type |
|---|---|---|---|---|---|---|---|---|---|---|---|---|---|
| Biblioteca Prof. Eusebio Cleto del Rey | Biblioteca Prof. Eusebio Cleto del Rey | 07/04/2026 | 339.5 F295 | L119736 | 07/04/2026 | 07/04/2026 | Libro | ||||||
| Biblioteca Prof. Eusebio Cleto del Rey | Biblioteca Prof. Eusebio Cleto del Rey | 07/04/2026 | 339.5 F295 | L119737 | 07/04/2026 | 07/04/2026 | Libro | ||||||
| Biblioteca Prof. Eusebio Cleto del Rey | Biblioteca Prof. Eusebio Cleto del Rey | 07/04/2026 | 339.5 F295 | L119738 | 07/04/2026 | 07/04/2026 | Libro | ||||||
| Biblioteca Prof. Eusebio Cleto del Rey | Biblioteca Prof. Eusebio Cleto del Rey | 07/04/2026 | 339.5 F295 | L126672 | 07/04/2026 | 07/04/2026 | Libro | ||||||
| Biblioteca Prof. Eusebio Cleto del Rey | Biblioteca Prof. Eusebio Cleto del Rey | 07/04/2026 | 339.5 F295 | L126673 | 07/04/2026 | 07/04/2026 | Libro | ||||||
| Biblioteca Prof. Eusebio Cleto del Rey | Biblioteca Prof. Eusebio Cleto del Rey | 07/04/2026 | 339.5 F295 | L126671 | 07/04/2026 | 07/04/2026 | Libro |